{"text_format":"3","workbook":"xls","n_sheets":1,"sheets":["邳州分公司"],"read":"whole","date_system":"1900","formulas":"cached_only"}

{"sheet":"邳州分公司","index":0,"n_rows":13,"n_cols":13,"rows_kept":13,"merged":[[0,2,0,11],[1,2,1,11],[2,2,2,11]],"flags":["formulas_cached_only"]}
[null,null,"五金收料统计日报表"]
[null,null,"日期： 2019    年    4  月  12  日                             填表人： 梅瑞雪"]
[null,null,"单位：大力神管桩有限公司"]
[null,"入库单号","品名","规格","数量","单位","单价","金额","供应商名称","联系方式","采购员","检验员","备注"]
[null,"WIN0050138","法兰软管","DN50",2,"根",177,354,"现金（日丰管业）",15298720573,"刘江山","闫伟","50CM软连接"]
[null,null,"手动蝶阀",null,5,"个",42,210,null,null,"刘江山","闫伟","井上牌，滨海顺金"]
[null,"WIN0050139","交流接触器","LC1D150Q5C",5,"个",635,3175,"邳州玲峰电气有限公司",13375100588,"刘江山","刘飞","施耐德"]
[null,"WIN0050140","球阀",null,3,"个",35,105,"邳州市苏北建材总汇",18305220000,"刘江山","闫伟","三心牌，φ63活接球阀"]
[null,"WIN0050141","氧气",null,7,"瓶",28,196,"邳州苏源制氧有限公司",null,"刘江山","马娇梅"]
[null,null,"乙炔",null,7,"瓶",56,392]
[null,"WIN0050143","轴承锁紧套",null,20,"件",170,3400,"邳州市农机公司",null,"刘江山","汤旭","H3128"]
[null,"WIN0050150","定刀",null,10,"个",110,1100,"马鞍山市恒特重工科技有限公司",null,"刘江山","王庆洛",7.1]
[null,null,"纵刀",null,10,"个",110,1100,{"$nulls":4},7.1]